00467nam a2200181 a 4500001001300000003000900013005001700022008004100039020000800080082001600088100001900104245003000123260005300153300000900206500003500215505002000250650001500270nice12345678IN_TiNIC20260116011527.0050524s1950 newa grp 000 0 eng  ac000a651.02bLOS aLoso, Foster W aClerical Office Practice. aNew YorkbSouth-Western Publishing Companyc1950 a504p aincludes index and biblioraphy2 aappendix, index aManagement